| 000 | 00907nam a2200289Ia 4500 | ||
|---|---|---|---|
| 003 | OSt | ||
| 005 | 20221005065930.0 | ||
| 006 | a|||||r|||| 00| 0 | ||
| 007 | ta | ||
| 008 | 221004b |||||||| |||| 00| 0 eng d | ||
| 020 |
_a9788188769711 (hbk) _cINR 9000.00 |
||
| 024 | _a65127 | ||
| 037 |
_bSBS/36, 25/02/2020, Shivam Book Service _cTextual |
||
| 040 |
_aCRL _cCRL _beng |
||
| 041 |
_2eng _aeng |
||
| 082 | _aNA44,8(Q3:45), Q9 | ||
| 100 |
_aHegewald Julia A. B. Au. _9605145 |
||
| 245 | 0 |
_aJaina _b temple architecture in India |
|
| 260 |
_aMumbai _bHindi Granth Karyalay India _c2019 |
||
| 300 |
_axiii,693p. _ccm. |
||
| 650 | _a JAINISM | ||
| 650 | _a RELIGION | ||
| 650 |
_a TEMPLE ARCHITECTURE _928042 |
||
| 650 | _aARCHITECTURE | ||
| 942 |
_hNA44,8(Q3:45), Q9 _cTEXL _2cc |
||
| 999 |
_c975442 _d975442 |
||